00432 2200181 4500001002100000005001500021008004100036020001800077035001900095041000700114082000800121090001400129100002400143245002800167260002400195300001400219650001700233INLIS00000000001214520241224114318241224||||||||| | ||| |||| || |  a979-8640-82-9 0010-1224012145 aid0 a650 a650 BAM m0 aBambang Tri Cahyono00aMetodologi Riset Bisnis aJakartabIPWIc1996 a390 Hal;; 0aIlmu Terapan